| 000 | 00837nam a22002657a 4500 | ||
|---|---|---|---|
| 003 | CBULib | ||
| 005 | 20230815142718.0 | ||
| 008 | 230815b |||||||| |||| 00| 0 eng d | ||
| 020 | _a9781498729604 | ||
| 040 |
_bEnglish _cCBULib _erda |
||
| 041 | _aeng | ||
| 050 | _aQA 279.5 Col | ||
| 100 |
_9538 _aCollazo, Rodrigo A. |
||
| 245 |
_aChain event graphs _c/ by Rodrigo A. Collazo; Christiane Gorgen; Jim Q. Smith |
||
| 260 |
_aNew York, _bCRC Press; _c[2018] |
||
| 300 | _axx, 233 pages : illustrations | ||
| 336 |
_2rdacontent _aText | _btxt |
||
| 337 |
_2rdamedia _aUnmediated | _bn |
||
| 338 |
_2rdacarrier _aVolume _bnc |
||
| 504 | _aIncludes references | ||
| 650 | 0 |
_2Library of Congress _9540 _aMATHEMATICS STATISTICS--GRAPHIC METHODS |
|
| 700 |
_9541 _aGorgen, Christiane |
||
| 700 |
_9542 _aSmith, Jim Q. |
||
| 942 |
_2lcc _c002 |
||
| 999 |
_c81244 _d81244 |
||